Missing Word: Top Grossing Movies (1992) Quiz Stats

 Plays Quiz Updated Jan 16, 2015

Challenge
Share
Tweet
Embed
Score 0/20 Timer 02:00
5 Plays Today
Movie Missing Word % Correct
____ Alone 2: Lost in New YorkHome
99.6%
Lethal ______ 3Weapon
96.1%
Wayne's _____World
95%
A ___ Good MenFew
94.1%
White ___ Can't JumpMen
94%
A League of _____ OwnTheir
93%
_____ InstinctBasic
87%
______ ActSister
82.8%
My Cousin _____Vinny
80.9%
Batman _______Returns
77%
Movie Missing Word % Correct
Death _______ HerBecomes
76.6%
_____ of a WomanScent
75.8%
___ and AwayFar
69.9%
Stop! Or My ___ Will Shoot!Mom
61.8%
Forever _____Young
55.2%
_______ GamesPatriot
44%
_______ CainRaising
37.5%
Under _____Siege
36.2%
Ferngully: The ____ RainforestLast
33.3%
Shining _______Through
9.4%

Today's Daily Dose

You're not logged in!

Compare scores with friends on all Sporcle quizzes.
OR
Log In

You Might Also Like...

Show Comments

Extras

Top Quizzes Today


Score Distribution

Your Account Isn't Verified!

In order to create a playlist on Sporcle, you need to verify the email address you used during registration. Go to your Sporcle Settings to finish the process.

Report this User

Report this user for behavior that violates our Community Guidelines.

Details: